000 00737nam a2200217 i 4500
001 73038
003 ES-MaACL
005 20230906171640.0
007 t|
008 040906s1929 sp ||||1| spa d
100 0 _aAndrenio,
_d1866-1929
_957888
245 1 0 _aPen Club.
_nI,
_pLos poetas /
_cAndrenio (seud.) E. Gómez de Baquero.
260 _aMadrid :
_bRenacimiento,
_c[1929] (
_fCompañía General de Artes Gráficas)
300 _a368 p. ;
_c19 cm.
490 1 _aObras completas ;
_v2
650 0 4 _aPoesía española-
_xHistoria y crítica.
_916166
650 4 _aPoesía hispanoamericana-
_xHistoria y crítica.
_9144962
830 1 _aObras completas ;
_v2
_9176447
852 _aES-MaACL
_jC-6879
999 _c73038
_d73038